El clima y la vivienda en la costa norte del Perú / (Registro nro. 5043)
[ vista simple ]
| 000 -LEADER | |
|---|---|
| fixed length control field | 01575nam a22002777a 4500 |
| 003 - CONTROL NUMBER IDENTIFIER | |
| control field | PE SENCICO BE |
| 005 - DATE AND TIME OF LATEST TRANSACTION | |
| control field | 20251020182710.0 |
| 008 - FIXED-LENGTH DATA ELEMENTS--GENERAL INFORMATION | |
| fixed length control field | 250107b |||||||| |||| 00| 0 eng d |
| 020 ## - INTERNATIONAL STANDARD BOOK NUMBER | |
| International Standard Book Number | 9789972337567 |
| 040 ## - CATALOGING SOURCE | |
| Original cataloging agency | PE SENCICO BE |
| Transcribing agency | PE SENCICO BE |
| 041 ## - LANGUAGE CODE | |
| Language code of text/sound track or separate title | spa |
| 082 ## - DEWEY DECIMAL CLASSIFICATION NUMBER | |
| Classification number | 720.47 |
| Item number | C59 |
| 100 1# - MAIN ENTRY--PERSONAL NAME | |
| 9 (RLIN) | 2787 |
| Personal name | Claux Carriquiry, Inés |
| Relator term | autor |
| 245 1# - TITLE STATEMENT | |
| Title | El clima y la vivienda en la costa norte del Perú / |
| Statement of responsibility, etc. | Inés Claux Carriquiry |
| 250 ## - EDITION STATEMENT | |
| Edition statement | 1a ed. |
| 260 ## - PUBLICATION, DISTRIBUTION, ETC. | |
| Place of publication, distribution, etc. | Piura : |
| Name of publisher, distributor, etc. | Impresiones del Castillo ; |
| Date of publication, distribution, etc. | 2008 |
| 300 ## - PHYSICAL DESCRIPTION | |
| Extent | 187 p. : |
| Other physical details | il. ; |
| Dimensions | 24 cm. |
| 505 0# - FORMATTED CONTENTS NOTE | |
| Formatted contents note | Arquitectura y medio ambiente -- El confort climático -- Clima y microclima -- Problemas bioclimáticos en las edificaciones de la ciudad de Piura -- Asoleamiento e iluminación -- Los árboles y el medio ambiente -- Aire y viento -- Lluvias y fenómeno El Niño -- Recomendaciones para que las construcciones respondan de mejor manera al clima de la costa norte peruana |
| 520 3# - SUMMARY, ETC. | |
| Summary, etc. | Este texto trata sobre los factores climáticos que inciden en la arquitectura de la ciudad de Piura (incluyendo Castilla) y de las ciudades pobladas de la costa norte del Perú. Plantea recomendaciones que pueden ser útiles a los arquitectos, ingenieros y constructores para realizar diseños que respondan al clima del lugar y colaboren al bienestar de sus habitantes, sin perjudicar al medio ambiente. |
| 650 10 - SUBJECT ADDED ENTRY--TOPICAL TERM | |
| 9 (RLIN) | 188 |
| Topical term or geographic name entry element | Arquitectura y clima |
| 650 20 - SUBJECT ADDED ENTRY--TOPICAL TERM | |
| 9 (RLIN) | 189 |
| Topical term or geographic name entry element | Arquitectura bioclimática |
| 650 20 - SUBJECT ADDED ENTRY--TOPICAL TERM | |
| 9 (RLIN) | 2292 |
| Topical term or geographic name entry element | Medio ambiente |
| 651 #0 - SUBJECT ADDED ENTRY--GEOGRAPHIC NAME | |
| 9 (RLIN) | 661 |
| Geographic name | Perú |
| 910 ## - USER-OPTION DATA (OCLC) | |
| User-option data | hfp |
| -- | hfp |
| -- | hfp |
| 942 ## - ADDED ENTRY ELEMENTS (KOHA) | |
| Source of classification or shelving scheme | Dewey Decimal Classification |
| Koha item type | Libros |
| Fecha de la última vez que lo usaron | Pago total | Signatura topográfica completa | Código de barras | Precio efectivo desde | Tipo de documento | Estado perdido | Sistema de clasificación | Estado dañado | No es para préstamo | Retirado | Ubicación permanente | Ubicación actual | Fecha de adquisición | Fuente de adquisición |
|---|---|---|---|---|---|---|---|---|---|---|---|---|---|---|
| 07/01/2025 | 720.47/C59 | BibLima25010006 | 07/01/2025 | Libros | Dewey Decimal Classification | Biblioteca Central Lima | Biblioteca Central Lima | 18/11/2024 | Comprado de la librería Megabook |